| 000 | 00707cam a2200265 4500 | ||
|---|---|---|---|
| 008 | 090401t1993 xxu||||| |||| 00| 0 eng d | ||
| 020 | _a0851255523 | ||
| 035 | _a(Sirsi) u32583 | ||
| 041 | _aeng | ||
| 050 | _a690 | ||
| 110 | _aBuilding Research Establishment | ||
| 245 | _aDouble glazing for heat and sound insulation. | ||
| 260 |
_aGarston, Watford _bBuilding Research Establishment _c1993 |
||
| 300 | _a8p. ; 30cm. | ||
| 350 | _a0 | ||
| 490 |
_aBRE Digest _v379 |
||
| 650 | _aDOUBLE GLAZING | ||
| 650 | _aHEATING | ||
| 650 | _aSOUND INSULATION | ||
| 650 | _aSOUNDPROOFING | ||
| 650 | _aWINDOWS | ||
| 690 | _aBUILT ENVIRONMENT-CONSTRUCTION DESIGN | ||
| 942 | _n0 | ||
| 948 | _c04/03/1997 | ||
| 999 |
_c89749 _d89749 |
||